Регионална библиотека "Любен Каравелов" - Русе

Песни, отмеченные Ленинской премией (Запис номер 352793)

MARC детайли
000 -Лидер
Контролно поле с фиксирана дължина ncm a22 a 4500
003 - Код на организацията, давaща контролен номер
Контролно поле BLK
005 - Дата и час на последна редакция
Контролно поле 20201007040713.0
008 - Елементи от данни с фиксирана дължина
fixed length control field 200409b bu ||||| |||| 00| 0 bu d
040 ## - Източник на каталожния запис
Идентификатор на билиотеката - собственик на записа BLK
041 ## - Код за език
Код за езика на текст/звукозапис или на отделно заглавие Руски
Код за езика КДБФ Руски
080 ## - УДК
Текстов определител УДК Камерна вок. муз. Песни, балади, арии, романси
УДК код - определител по УДК 784.3
УДК - код + определител 784.3
100 ## - Редна дума - Автор
Автор Соловьов-Седой, Василий Павлович
Авторска отговорност първи автор
R(LIN) 1299
139 ## - Редно поле
Редна дума Соловьов-Седой, Василий Павлович
Авторски знак Сол - С 51
245 ## - Сведения за заглавието
Заглавие Песни, отмеченные Ленинской премией
Подзаглавни данни Для пения (соло, хор) с ф.-п.
Редно поле (дума) Василий Павлович Соловьев-Седой
257 ## - Страна на издаване
Страна на създаване/издаване Русия
260 ## - Област на издателските данни
9 (RLIN) 402764
Място на издаване, разпространение и проч. Ленинград
Име на издателя, разпространителя и проч. Музыка
Година на издаване 1969
300 ## - Физическа характеристика
Страници 27 с.
Размери/Мащаб 29 см
380 ## - Жанр
Жанр Изкуство
505 ## - Форматирана забележка
Авторската отговорност Текст Е. Долматовски
Заглавие Если бы парни всей земли
505 ## - Форматирана забележка
Авторската отговорност Текст Л. Ошанин
Заглавие Версты
505 ## - Форматирана забележка
Авторската отговорност Текст М. Матусовси
Заглавие Подмосковные вечера: Песня из кинофильма "В дни спартакиады"<br/>
650 #7 - Допълнително описание по предмет – тема
9 (RLIN) 166108
Основно описание – тема или топоним Песни
650 #0 - Допълнително описание по предмет – тема
9 (RLIN) 267007
Основно описание – тема или топоним Композитори, руски
653 #7 - Ключова дума – ненормативна
9 (RLIN) 195905
Ключова дума руски песни
653 #7 - Ключова дума – ненормативна
9 (RLIN) 184164
Ключова дума глас
653 #7 - Ключова дума – ненормативна
9 (RLIN) 200118
Ключова дума хорове
653 #7 - Ключова дума – ненормативна
9 (RLIN) 188624
Ключова дума клавирен съпровод
852 ## - Местоположение
Форматна сигнатура Цб М ІІ 5611
Фондова буква Отдел Изкуство - подръчен фонд
999 ## - СИСТЕМНИ КОНТРОЛНИ НОМЕРА
Koha biblionumber 352793
Koha biblioitemnumber 352793
942 ## - АРТИКУЛИ
Вид на библиотечния материал Нотни издания
Скрит в OPAC Не
Периодичен библиозапис Да
944 ## - СЪЗДАВАНЕ И РЕДАКЦИЯ на ЗАПИСА
Дата на регистрацията/редакция 2020-04-09
Служител, извършил регистрацията/редакцията Валентина Караджова
999 ## - СИСТЕМНИ КОНТРОЛНИ НОМЕРА
Koha biblioitemnumber 352793
Наличности
Код за отписване Код за изгубен артикул Източник на класификационната схема Код за повреда Код за отдаване Артикулен № Име на библиотеката - собственик Име на библиотеката, в която се намира в момента Статус (Текущо местоположение) Дата на вписване в системата Местоположение - отдел Цена в лева Инвентарен номер Систематично азбучна сигнатура Баркод Цена в евро Служебен тип на артикула
  Не е изгубен Universal Decimal Classification Не е повреден заемане за дома 760460 Регионална библиотека "Любен Каравелов" Русе Регионална библиотека "Любен Каравелов" Русе Отдел Изкуство - подръчен фонд 2020-04-10 Отдел Изкуство - подръчен фонд 0.29 75593 784/С 51 В 120000075593 0.15 Нотни издания
  Не е изгубен Universal Decimal Classification Не е повреден ползва се в читалня 768191 Регионална библиотека "Любен Каравелов" Русе Регионална библиотека "Любен Каравелов" Русе Хранилище 2020-05-08 Хранилище 0.30 85898 Цб М ІІ 5611 900000015075 0.15 Нотни издания
Vip Innovations Ltd, Rousse, Bulgaria 2025